Statistics for 天空騎士団 七の誓い

Click here to take the quiz!

General Stats

  • This quiz has been taken 34 times
  • The average score is 4 of 7

Answer Stats

% Correct
二つ、労働を惜しまないこと
87%
一つ、心に信仰を忘れないこと
80%
五つ、常に相応しくあること
60%
三つ、精神を鍛えること
53%
四つ、隣人を労わること
53%
六つ、聖地を敬うこと
53%
七つ、祝福を受け入れること
40%

Score Distribution

Percentile by Number Answered

Percent of People with Each Score

Your Score History

You have not taken this quiz